| 000 -LEADER |
| fixed length control field |
01523nam a2200181Ia 4500 |
| 008 - FIXED-LENGTH DATA ELEMENTS--GENERAL INFORMATION |
| fixed length control field |
181130s2018 xx 000 0 und d |
| 100 ## - MAIN ENTRY--PERSONAL NAME |
| Personal name |
Rutherford, Amanda |
| 245 ## - TITLE STATEMENT |
| Title |
Top management turnover: |
| Remainder of title |
the role of governing board structures |
| 260 ## - PUBLICATION, DISTRIBUTION, ETC. |
| Date of publication, distribution, etc. |
2018 |
| 300 ## - PHYSICAL DESCRIPTION |
| Extent |
p.104-115. |
| 504 ## - BIBLIOGRAPHY, ETC. NOTE |
| -- |
Jan/Feb |
| 520 ## - SUMMARY, ETC. |
| Summary, etc. |
The convergence of performance accountability policies, a graying bureaucracy, and shorter executive tenures highlights the timeliness of investigating executive turnover. Prior public administration research has examined pull and push factors linked to these departures, but it has yet to fully explore the influence of governing board structures and political pressures that stem from such structures. Using data on 123 public four?year research universities in the United States from 1993 to 2012, this article finds that governing board structures play a pivotal role in predicting the departure decisions of university presidents. While the size of the board increases the risk of departure, boards overseeing multiple institutions and boards with a faculty or student representative lower the risk of departure. Additional evidence suggests that both the share of gubernatorial and legislative appointees on the board and the party division of the legislature have a direct influence on departure. - Reproduced. |
| 650 ## - SUBJECT ADDED ENTRY--TOPICAL TERM |
| Topical term or geographic name entry element |
Higher education - U.S.A. |
| 650 ## - SUBJECT ADDED ENTRY--TOPICAL TERM |
| Topical term or geographic name entry element |
Public administration |
| 700 ## - ADDED ENTRY--PERSONAL NAME |
| Personal name |
Lozano, Jon |
| 773 ## - HOST ITEM ENTRY |
| Main entry heading |
Public Administration Review |
| 906 ## - LOCAL DATA ELEMENT F, LDF (RLIN) |
| a |
Public administration |